[Event "Eastern Asia-ch U14 Girls 7th"]
[Site "Hainan"]
[Date "2023.08.06"]
[Round "4"]
[White "Feng, Eunice"]
[Black "Maral, Altankhuyag"]
[Result "1/2-1/2"]
[WhiteElo "1702"]
[BlackElo "1241"]
[PlyCount "74"]
[EventDate "2023.08.04"]
[EventType "swiss"]
[EventRounds "9"]
[EventCountry "CHN"]
[SourceTitle "EXT 2024"]
[Source "ChessBase"]
[SourceDate "2023.10.10"]
[SourceVersion "1"]
[SourceVersionDate "2023.10.10"]
[SourceQuality "1"]

1. e4 c5 2. Nf3 d6 3. d4 cxd4 4. Nxd4 Nf6 5. Nc3 a6 6. Bg5 Nbd7 7. Qe2 Qc7 8. f4 e5 9. Nf5 h6 10. Bxf6 Nxf6 11. fxe5 dxe5 12. 0-0-0 g6 13. Ne3 Bg7 14. Ned5 Nxd5 15. Nxd5 Qa5 16. Kb1 0-0 17. g4 Be6 18. Bg2 b5 19. h4 b4 20. g5 h5 21. Bh3 Bxd5 22. exd5 Qb6 23. d6 a5 24. Qe4 a4 25. Rhf1 b3 26. cxb3 axb3 27. a3 Qc5 28. d7 Rfd8 29. Rc1 Qb5 30. Qxa8 Qd3+ 31. Ka1 Rxa8 32. Rc8+ Kh7 33. Rxa8 e4 34. Rb1 Bxb2+ 35. Rxb2 Qd1+ 36. Rb1 Qd4+ 37. Rb2 Qd1+ 1/2-1/2

[Event "Eastern Asia-ch U14 Girls 7th"]
[Site "Hainan"]
[Date "2023.08.05"]
[Round "3"]
[White "Kumaran, Ashwiniy"]
[Black "Maral, Altankhuyag"]
[Result "0-1"]
[WhiteElo "1387"]
[BlackElo "1241"]
[PlyCount "120"]
[EventDate "2023.08.04"]
[EventType "swiss"]
[EventRounds "9"]
[EventCountry "CHN"]
[SourceTitle "EXT 2024"]
[Source "ChessBase"]
[SourceDate "2023.10.10"]
[SourceVersion "1"]
[SourceVersionDate "2023.10.10"]
[SourceQuality "1"]

1. e4 c5 2. Nf3 d6 3. d4 cxd4 4. Nxd4 Nf6 5. Nc3 a6 6. f3 e5 7. Nb3 Be7 8. Be3 Be6 9. Qd2 0-0 10. 0-0-0 Nbd7 11. g4 b5 12. Qf2 Rc8 13. Kb1 Qc7 14. h4 Nc5 15. h5 b4 16. Nd5 Bxd5 17. exd5 a5 18. Qd2 Nfd7 19. g5 a4 20. Nxc5 Nxc5 21. g6 b3 22. Bxc5 Qxc5 23. gxh7+ Kh8 24. Rc1 bxc2+ 25. Rxc2 Qxc2+ 26. Qxc2 Rxc2 27. Kxc2 Rc8+ 28. Kd2 Bg5+ 29. Kd3 Rc5 30. Ke4 Rc2 31. Rg1 Bf4 32. Rg2 Rxg2 33. Bxg2 Bc1 34. b3 axb3 35. axb3 Kxh7 36. Bh3 Kh6 37. Bg4 Kg5 38. b4 Bd2 39. b5 Ba5 40. Bd7 Kxh5 41. Kf5 Bd8 42. Be8 g6+ 43. Ke4 f5+ 44. Ke3 Bb6+ 45. Kd3 Kg5 46. Ke2 e4 47. fxe4 fxe4 48. Bf7 Kf5 49. Be6+ Kf4 50. Bh3 g5 51. Bg2 Ke5 52. Kd2 Kxd5 53. Kc3 Ke5 54. Kc4 d5+ 55. Kc3 g4 56. Bh1 d4+ 57. Kd2 d3 58. Bg2 Kd4 59. Bf1 Ba5+ 60. Kd1 e3 0-1

[Event "Ulaanbaatar Mica op 2nd"]
[Site "Ulaanbaatar"]
[Date "2022.03.24"]
[Round "3"]
[White "Maral, Altankhuyag"]
[Black "Lkhagvasuren, Tsedendemberel"]
[Result "1/2-1/2"]
[WhiteElo "1178"]
[BlackElo "2160"]
[PlyCount "82"]
[EventDate "2022.03.23"]
[EventType "swiss"]
[EventRounds "9"]
[EventCountry "MGL"]
[SourceTitle "CBM 207 Extra"]
[Source "ChessBase"]
[SourceDate "2022.05.31"]
[SourceVersion "1"]
[SourceVersionDate "2022.05.31"]
[SourceQuality "1"]

1. d4 d5 2. c4 e6 3. Nc3 Be7 4. cxd5 exd5 5. Bf4 Nf6 6. e3 0-0 7. Bd3 c5 8. Nge2 Nc6 9. 0-0 a6 10. a4 cxd4 11. Nxd4 Nxd4 12. exd4 Bg4 13. Qb3 Qd7 14. a5 Rad8 15. Rac1 Nh5 16. Be5 Bf6 17. Bxf6 Nxf6 18. Na4 Rb8 19. Rc5 Qd6 20. Nb6 Be6 21. h3 Ne4 22. Bxe4 dxe4 23. Qc3 Rfd8 24. Rd1 Bd7 25. Nxd7 Rxd7 26. Rc8+ Rd8 27. Rxb8 Rxb8 28. d5 h6 29. b4 b6 30. axb6 Rxb6 31. Qc8+ Qf8 32. Qc5 Rxb4 33. d6 Rb8 34. Qa5 Qd8 35. Qxa6 Qd7 36. Qc4 Re8 37. Qc7 Rd8 38. Qc5 Re8 39. Ra1 Rd8 40. Rd1 Re8 41. Qd4 Rd8 1/2-1/2

[Event "Wch U10 Girls"]
[Site "Weifang"]
[Date "2019.08.23"]
[Round "3"]
[White "Maral, Altankhuyag"]
[Black "Nurgaliyeva, Zarina"]
[Result "0-1"]
[WhiteElo "1078"]
[BlackElo "1474"]
[PlyCount "114"]
[EventDate "2019.08.21"]
[EventType "swiss"]
[EventRounds "11"]
[EventCountry "CHN"]
[SourceTitle "EXT 2020"]
[Source "ChessBase"]
[SourceDate "2019.10.17"]
[SourceVersion "1"]
[SourceVersionDate "2019.10.17"]
[SourceQuality "1"]

1. e4 e5 2. Nf3 Nc6 3. Bc4 Bc5 4. Nc3 Nf6 5. d3 h6 6. 0-0 d6 7. h3 0-0 8. Be3 Bb6 9. Re1 Re8 10. Bxb6 axb6 11. Qd2 Be6 12. Bb3 Nh5 13. Ne2 Qf6 14. Bxe6 fxe6 15. d4 Rf8 16. Rf1 Qg6 17. Qe3 Nf4 18. Nxf4 Rxf4 19. dxe5 Rxe4 20. Qd3 Nb4 21. Nh4 Qh7 22. Qg3 Nxc2 23. Rac1 Rxe5 24. Qc3 Rc5 25. Qb3 Qe4 26. Nf3 d5 27. Rfd1 Qb4 28. Qxb4 Nxb4 29. a3 Rxc1 30. Rxc1 Nc6 31. Re1 Kf7 32. g3 Ra5 33. Kf1 Rc5 34. h4 Rc2 35. Rb1 e5 36. Rd1 Ke6 37. Rb1 e4 38. Ne1 Rd2 39. g4 Ne5 40. g5 Ng4 41. gxh6 gxh6 42. Kg2 Rxf2+ 43. Kg3 h5 44. Rc1 c5 45. b4 c4 46. Rc3 b5 47. Nc2 Ke5 48. Ne1 d4 49. Rc1 d3 50. Nxd3+ exd3 51. Rd1 Kd4 52. a4 c3 53. axb5 d2 54. Kh3 c2 55. Rh1 c1Q 56. Rxc1 dxc1Q 57. b6 Qe3# 0-1